[Event "4NCL/Div1/GUI-RIC"]
[Site "Rd4-Birmingham"]
[Date "1999.11.21"]
[Round "4.4"]
[White "Wall, Gavin"]
[Black "Webb, Richard"]
[Result "1/2-1/2"]
[WhiteElo "2353"]
[BlackElo "2351"]
[PlyCount "65"]
[EventDate "1999.11.21"]
[SourceDate "2000.01.01"]

1. e4 c5 2. Nf3 d6 3. Bb5+ Bd7 4. a4 Nc6 5. d3 g6 6. O-O Bg7 7. Nbd2 Nf6 8. Nc4
O-O 9. Re1 Qc7 10. Bg5 h6 11. Bh4 a6 12. Bxc6 Bxc6 13. e5 Nd5 14. a5 g5 15. Bg3
Rad8 16. h4 f6 17. exd6 exd6 18. Re6 Nf4 19. Bxf4 gxf4 20. Qd2 d5 21. Nb6 Rfe8
22. Rae1 Kf7 23. Rxe8 Rxe8 24. Rxe8 Kxe8 25. d4 c4 26. h5 Qf7 27. Qxf4 Qxh5 28.
g4 Qg6 29. Nh4 Qg5 30. Qg3 Qc1+ 31. Kg2 Qxc2 32. Nf5 Bf8 33. Nc8 1/2-1/2

[Event "4NCL/Div1/GUI-RIC"]
[Site "Rd4-Birmingham"]
[Date "1999.11.21"]
[Round "4.5"]
[White "Povah, Nigel"]
[Black "Delaney, Paul"]
[Result "1/2-1/2"]
[WhiteElo "2360"]
[BlackElo "2305"]
[PlyCount "82"]
[EventDate "1999.11.21"]
[SourceDate "2000.01.01"]

1. d4 Nf6 2. Bg5 c5 3. d5 Qb6 4. Nc3 Qxb2 5. Bd2 Qb6 6. e4 e5 7. f4 d6 8. Rb1
Qd8 9. fxe5 dxe5 10. Nf3 Bd6 11. Bb5+ Nbd7 12. Bg5 h6 13. Bh4 Qa5 14. Qd2 O-O
15. O-O a6 16. Bxd7 Nxd7 17. a4 c4 18. Be1 Nc5 19. Kh1 Nxa4 20. Nxa4 Qxa4 21.
Rb6 Qd7 22. Qc3 Qc7 23. Rxd6 Qxd6 24. Nxe5 b5 25. Bg3 Bb7 26. Qd4 Qe7 27. h3
Rae8 28. Qb6 Ba8 29. Qxa6 f6 30. d6 Qe6 31. Nf3 Bxe4 32. Qxb5 Rb8 33. Qa4 Rb2
34. Rf2 Ra8 35. d7 Rbb8 36. Bxb8 Rxb8 37. Rd2 Bxf3 38. gxf3 Qxh3+ 39. Kg1 Qg3+
40. Kf1 Qxf3+ 41. Ke1 Qh1+ 1/2-1/2

[Event "4NCL/Div1/GUI-RIC"]
[Site "Rd4-Birmingham"]
[Date "1999.11.21"]
[Round "4.6"]
[White "Webb, Laurence"]
[Black "Anderton, Matthew"]
[Result "1-0"]
[WhiteElo "2213"]
[BlackElo "2216"]
[PlyCount "101"]
[EventDate "1999.11.21"]
[SourceDate "2000.01.01"]

1. e4 e6 2. d4 d5 3. e5 c5 4. c3 Nc6 5. Nf3 Qb6 6. a3 Nh6 7. b4 cxd4 8. cxd4
Nf5 9. Be3 f6 10. exf6 gxf6 11. Nc3 Nxe3 12. fxe3 Bh6 13. Qd2 O-O 14. Bd3 Kh8
15. Rd1 Bd7 16. O-O Be8 17. Kh1 Rc8 18. Qf2 Ne7 19. Qh4 Ng8 20. Rc1 Rc7 21. Qg3
Rg7 22. Qf2 Ne7 23. Ne2 Bg6 24. Bxg6 Rxg6 25. Nf4 Rg4 26. g3 Nf5 27. Rc3 Nd6
28. Qc2 Nc4 29. Nd2 Bxf4 30. exf4 Qxd4 31. Nxc4 dxc4 32. Rd1 Qb6 33. Rxc4 Rg7
34. Rc8 Rxc8 35. Qxc8+ Rg8 36. Qc3 Rf8 37. Rd7 Qb5 38. Rd1 Qe2 39. Re1 Qb5 40.
Qd4 Qc6+ 41. Kg1 a6 42. Qe3 Re8 43. Rc1 Qd6 44. Qe4 Qb6+ 45. Kg2 Rd8 46. Rc2
Rd4 47. Rc8+ Kg7 48. Qf3 Rd2+ 49. Kh3 h5 50. Rc5 f5 51. Qc3+ 1-0

[Event "4NCL/Div1/GUI-RIC"]
[Site "Rd4-Birmingham"]
[Date "1999.11.21"]
[Round "4.7"]
[White "James, Russell"]
[Black "Johnstone, Paul"]
[Result "0-1"]
[WhiteElo "2204"]
[BlackElo "2293"]
[PlyCount "78"]
[EventDate "1999.11.21"]
[SourceDate "2000.01.01"]

1. e4 c5 2. Nf3 e6 3. Nc3 Nc6 4. Bb5 Nge7 5. O-O Ng6 6. Re1 Be7 7. Bxc6 bxc6 8.
e5 Qc7 9. d3 O-O 10. Qe2 f6 11. exf6 Bxf6 12. Ne4 Be7 13. Neg5 h6 14. Nh3 d6
15. d4 cxd4 16. Nxd4 e5 17. Qc4+ d5 18. Qxc6 Qxc6 19. Nxc6 Bc5 20. Be3 d4 21.
Bd2 Bxh3 22. gxh3 Rf5 23. b4 Bb6 24. Re2 Rc8 25. b5 Rcf8 26. Rf1 Rh5 27. Rb1
Nh4 28. Rb3 Nf3+ 29. Kg2 Nh4+ 30. Kg1 e4 31. Rg3 Rxb5 32. Ne7+ Kh7 33. Rb3 Rxb3
34. axb3 d3 35. Rxe4 Nf3+ 36. Kg2 Nxd2 37. Re1 Rxf2+ 38. Kg3 dxc2 39. Nd5 Rf1
0-1

[Event "4NCL/Div1/GUI-RIC"]
[Site "Rd4-Birmingham"]
[Date "1999.11.21"]
[Round "4.8"]
[White "Shah, Arpi"]
[Black "Yurenok, Maria"]
[Result "0-1"]
[WhiteElo "2079"]
[BlackElo "1912"]
[PlyCount "75"]
[EventDate "1999.11.21"]
[SourceDate "2000.01.01"]

1. e4 c5 2. Nc3 e6 3. g3 Nc6 4. Bg2 Nf6 5. d3 Be7 6. Nge2 Rb8 7. O-O O-O 8. Nf4
b5 9. Nce2 Qc7 10. Nh3 Bb7 11. f4 d5 12. e5 Nd7 13. g4 d4 14. Ng3 Nb4 15. Ne4
Nd5 16. Qe1 Rfe8 17. Nhg5 h6 18. Nf3 f5 19. gxf5 exf5 20. Ng3 g6 21. h4 h5 22.
Bd2 Nf8 23. Ng5 Bxg5 24. hxg5 Ne6 25. Qf2 Ne7 26. Ne2 Bxg2 27. Qxg2 Qb7 28.
Rae1 Qxg2+ 29. Kxg2 Nc6 30. Ng1 c4 31. Nf3 a5 32. Rd1 Rec8 33. c3 dxc3 34. Bxc3
b4 35. Be1 Rd8 36. Bf2 Nxf4+ 37. Kg3 Nxd3 38. Nh4 0-1

[Event "4NCL/Div1/WG1-BIG"]
[Site "Rd4-Birmingham"]
[Date "1999.11.21"]
[Round "4.1"]
[White "Baburin, Alexander"]
[Black "Parker, Jonathan"]
[Result "1-0"]
[WhiteElo "2593"]
[BlackElo "2523"]
[PlyCount "42"]
[EventDate "1999.11.21"]
[SourceDate "2000.01.01"]

1. d4 Nf6 2. c4 e6 3. Nc3 Bb4 4. Qc2 d5 5. cxd5 Qxd5 6. Nf3 Qf5 7. Qxf5 exf5 8.
a3 Bd6 9. Bg5 Ne4 10. Nxe4 fxe4 11. Nd2 f5 12. e3 Be6 13. g4 h6 14. gxf5 Bxf5
15. Bh4 Kd7 16. f3 exf3 17. e4 Re8 18. Kf2 Be6 19. Kxf3 Rf8+ 20. Ke2 Nc6 21. d5
Bh3 {rest of score not available/illegible} 1-0

[Event "4NCL/Div1/WG1-BIG"]
[Site "Rd4-Birmingham"]
[Date "1999.11.21"]
[Round "4.2"]
[White "McShane, Luke"]
[Black "Emms, John"]
[Result "1-0"]
[WhiteElo "2467"]
[BlackElo "2586"]
[PlyCount "105"]
[EventDate "1999.11.21"]
[SourceDate "2000.01.01"]

1. e4 c5 2. Nf3 e6 3. d4 cxd4 4. Nxd4 Nc6 5. Nb5 d6 6. Bf4 e5 7. Be3 a6 8. N5c3
Nf6 9. Nd2 d5 10. Nxd5 Nxd5 11. exd5 Qxd5 12. Nc4 Qxd1+ 13. Rxd1 Be6 14. Nb6
Rd8 15. Bc4 Bxc4 16. Nxc4 b5 17. Rxd8+ Kxd8 18. Nb6 Bd6 19. Ke2 Ke7 20. c4 Ke6
21. Rc1 Ne7 22. c5 Bc7 23. a4 bxa4 24. Ra1 Nc6 25. Rxa4 a5 26. Kd3 f5 27. Kc4
f4 28. Bd2 Rd8 29. Bc3 Rd1 30. Kb5 Nd4+ 31. Bxd4 exd4 32. Kc6 Bd8 33. Rxa5 d3
34. Ra8 Bh4 35. g3 fxg3 36. hxg3 Bf6 37. Nc4 Rc1 38. Re8+ Kf7 39. Nd6+ Kg6 40.
Ne4 Bxb2 41. Rd8 Re1 42. Nd2 Re2 43. Rxd3 Rxf2 44. Nc4 Bf6 45. Kb5 Rf1 46. c6
Rb1+ 47. Kc5 Be7+ 48. Kd5 Rb5+ 49. Ke6 Bf6 50. Rd5 Rb4 51. Rc5 Bd4 52. c7 Bxc5
53. Ne5+ 1-0

[Event "4NCL/Div1/WG1-BIG"]
[Site "Rd4-Birmingham"]
[Date "1999.11.21"]
[Round "4.3"]
[White "Speelman, Jon"]
[Black "Webster, Andrew"]
[Result "1-0"]
[WhiteElo "2597"]
[BlackElo "2427"]
[PlyCount "61"]
[EventDate "1999.11.21"]
[SourceDate "2000.01.01"]

1. d4 Nf6 2. Nf3 e6 3. g3 d5 4. Bg2 c5 5. O-O b5 6. b3 Bb7 7. c4 a6 8. cxd5
Bxd5 9. dxc5 b4 10. Ne5 Bxc5 11. e4 Qc7 12. exd5 Qxe5 13. dxe6 Qxa1 14. exf7+
Kxf7 15. Bd5+ Kf8 16. Bxa8 Qxb1 17. Qd8+ Kf7 18. Qxh8 Nbd7 19. Be3 Qxa2 20.
Bxc5 Nxc5 21. Qc8 Nxb3 22. Qc4+ Kg6 23. Be4+ Nxe4 24. Qxe4+ Kh6 25. Qf4+ Kg6
26. g4 Qc2 27. Qd6+ Kg5 28. Re1 Nd2 29. Re5+ Kxg4 30. Qd7+ Kf3 31. Re3+ 1-0

[Event "4NCL/Div1/WG1-BIG"]
[Site "Rd4-Birmingham"]
[Date "1999.11.21"]
[Round "4.4"]
[White "Arkell, Keith"]
[Black "Ward, Chris"]
[Result "1/2-1/2"]
[WhiteElo "2462"]
[BlackElo "2473"]
[PlyCount "112"]
[EventDate "1999.11.21"]
[SourceDate "2000.01.01"]

1. d4 Nf6 2. Nf3 e6 3. c4 c5 4. d5 d6 5. Nc3 exd5 6. cxd5 g6 7. g3 Bg7 8. Bg2
O-O 9. O-O Re8 10. Nd2 a6 11. a4 Nbd7 12. Nc4 Ne5 13. Nxe5 Rxe5 14. Bf4 Re8 15.
Qc2 Nh5 16. Bd2 f5 17. a5 Bd7 18. e3 Nf6 19. Na4 Rc8 20. Nb6 Rc7 21. Bc3 Bb5
22. Rfc1 Nd7 23. Bxg7 Kxg7 24. b4 Nxb6 25. axb6 Rc8 26. bxc5 Rxc5 27. Qb2+ Qf6
28. Qxf6+ Kxf6 29. Rxc5 dxc5 30. d6 Rb8 31. Rd1 Ke6 32. e4 fxe4 33. Bxe4 Bc6
34. Bxc6 bxc6 35. d7 Ke7 36. d8=Q+ Rxd8 37. Re1+ Kd6 38. Rd1+ Ke7 39. Re1+ Kf6
40. Ra1 c4 41. Rxa6 Rd1+ 42. Kg2 Rb1 43. b7 Ke5 44. Rxc6 Kd4 45. Rc7 c3 46. Kf3
Kd3 47. Rd7+ Kc2 48. Rxh7 Kd2 49. Rd7+ Ke1 50. Rc7 Kd2 51. Rd7+ Ke1 52. Rc7 Kd2
53. Kg4 c2 54. Rd7+ Ke2 55. Rc7 Kd2 56. Rd7+ Ke2 1/2-1/2

[Event "4NCL/Div1/WG1-BIG"]
[Site "Rd4-Birmingham"]
[Date "1999.11.21"]
[Round "4.5"]
[White "Pein, Malcolm"]
[Black "Ferguson, Mark"]
[Result "1/2-1/2"]
[WhiteElo "2436"]
[BlackElo "2371"]
[PlyCount "27"]
[EventDate "1999.11.21"]
[SourceDate "2000.01.01"]

1. e4 e5 2. Nf3 Nc6 3. Bb5 Nf6 4. O-O Nxe4 5. d4 Nd6 6. Bxc6 dxc6 7. dxe5 Nf5
8. Qxd8+ Kxd8 9. Rd1+ Ke8 10. Nc3 Ne7 11. h3 Ng6 12. Be3 Bb4 13. Ne2 Be6 14.
Ned4 1/2-1/2

[Event "4NCL/Div1/WG1-BIG"]
[Site "Rd4-Birmingham"]
[Date "1999.11.21"]
[Round "4.6"]
[White "Kelly, Brian"]
[Black "Littlewood, Paul"]
[Result "1-0"]
[WhiteElo "2417"]
[BlackElo "2411"]
[PlyCount "139"]
[EventDate "1999.11.21"]
[SourceDate "2000.01.01"]

1. c4 e5 2. g3 Nf6 3. Bg2 c6 4. d4 exd4 5. Qxd4 d5 6. Nf3 Be7 7. cxd5 cxd5 8.
O-O Nc6 9. Qa4 O-O 10. Nc3 Be6 11. Be3 Qd7 12. Rad1 Rfd8 13. Ng5 Qe8 14. Bc1 a6
15. Nxe6 fxe6 16. e4 d4 17. e5 Ng4 18. Bxc6 Qxc6 19. Rxd4 Nxe5 20. Qxc6 Nxc6
21. Re4 e5 22. Be3 Rd3 23. Rc1 Bb4 24. Rc4 Bxc3 25. R4xc3 Rad8 26. Rxd3 Rxd3
27. Kg2 Kf7 28. Kf3 Ke6 29. Ke4 Rd5 30. b3 Kd6 31. g4 Ke6 32. h4 g6 33. h5 Rd7
34. hxg6 hxg6 35. Rh1 Rg7 36. Rh8 Ne7 37. Bg5 Nc6 38. Re8+ Kd7 39. Rf8 Ke6 40.
Be3 Rc7 41. f3 Ne7 42. Bg5 Nd5 43. Re8+ Kf7 44. Rh8 Ke6 45. Re8+ Kf7 46. Rd8
Nc3+ 47. Kxe5 Nxa2 48. Bd2 b5 49. Kd6 Rc2 50. Bh6 g5 51. Bxg5 Rc3 52. f4 Rxb3
53. Ke5 Re3+ 54. Kf5 Nb4 55. Rd7+ Ke8 56. Ra7 Nc6 57. Rxa6 Nd4+ 58. Kg6 Re6+
59. Rxe6+ Nxe6 60. Bh6 b4 61. f5 b3 62. Bc1 Nd8 63. Ba3 Nf7 64. g5 Nd6 65. f6
Nf7 66. Kf5 Nd6+ 67. Bxd6 b2 68. Ke6 b1=Q 69. f7+ Kd8 70. f8=Q# 1-0

[Event "4NCL/Div1/WG1-BIG"]
[Site "Rd4-Birmingham"]
[Date "1999.11.21"]
[Round "4.7"]
[White "Sowray, Peter"]
[Black "Baker, Chris W"]
[Result "1/2-1/2"]
[WhiteElo "2358"]
[BlackElo "2357"]
[PlyCount "41"]
[EventDate "1999.11.21"]
[SourceDate "2000.01.01"]

1. Nf3 Nf6 2. c4 c5 3. g3 g6 4. Bg2 Bg7 5. Nc3 O-O 6. d4 d6 7. O-O Nc6 8. dxc5
dxc5 9. Bf4 Be6 10. Qa4 Qc8 11. Rad1 Bh3 12. Be3 Bxg2 13. Kxg2 b6 14. Nd5 Re8
15. Nxf6+ Bxf6 16. Rd2 Qb7 17. Kg1 Rad8 18. Rfd1 Kg7 19. b3 Rxd2 20. Rxd2 Rd8
21. Rxd8 1/2-1/2

[Event "4NCL/Div1/WG2-BR"]
[Site "Rd4-Birmingham"]
[Date "1999.11.21"]
[Round "4.1"]
[White "Levitt, Jon"]
[Black "Beaumont, Chris"]
[Result "1/2-1/2"]
[WhiteElo "2433"]
[BlackElo "2295"]
[PlyCount "83"]
[EventDate "1999.11.21"]
[SourceDate "2000.01.01"]

1. d4 Nf6 2. c4 c5 3. e3 g6 4. Nc3 Bg7 5. Nf3 O-O 6. Be2 cxd4 7. exd4 d5 8. O-O
Nc6 9. h3 dxc4 10. Bxc4 Na5 11. Bd3 Be6 12. Qe2 Rc8 13. Bg5 Bc4 14. Rad1 Nd5
15. Bxc4 Nxc4 16. Nxd5 Qxd5 17. b3 Nd6 18. Qxe7 Nf5 19. Qb4 Rc2 20. Rd2 a5 21.
Qxf8+ Bxf8 22. Rxc2 Nxd4 23. Nxd4 Qxg5 24. Rd1 Bc5 25. Rcd2 b6 26. g3 Qd5 27.
Rd3 a4 28. h4 h6 29. R1d2 Qd7 30. bxa4 Qxa4 31. Nb3 Bb4 32. Rc2 Qa8 33. Re2 Qa6
34. Rde3 Qc4 35. Re4 Qd3 36. R4e3 Qc4 37. Kg2 Kg7 38. Kh2 g5 39. hxg5 hxg5 40.
Kg2 Qd5+ 41. Kh2 f5 42. Re5 1/2-1/2

[Event "4NCL/Div1/WG2-BR"]
[Site "Rd4-Birmingham"]
[Date "1999.11.21"]
[Round "4.2"]
[White "Ansell, Simon"]
[Black "Wall, Tim"]
[Result "1-0"]
[WhiteElo "2373"]
[BlackElo "2347"]
[PlyCount "72"]
[EventDate "1999.11.21"]
[SourceDate "2000.01.01"]

1. e4 d5 2. exd5 Nf6 3. Nf3 Nxd5 4. d4 g6 5. Be2 Bg7 6. O-O O-O 7. Na3 c5 8.
dxc5 Na6 9. Bxa6 bxa6 10. c3 Bb7 11. Nd4 Qc7 12. Nb3 Rad8 13. Qe2 Be5 14. h3
Bf4 15. c4 Bh2+ 16. Kh1 Nf4 17. Bxf4 Bxf4 18. Rad1 Qc6 19. f3 Qf6 20. Qf2 Qg5
21. Nc2 Bc7 22. Ncd4 Qf4 23. g3 Qf6 24. Kg2 e5 25. c6 Bc8 26. Nc2 Qxc6 27. Ne3
Be6 28. Nc1 Bb6 29. b3 e4 30. f4 Qc5 31. Ng4 Qc6 32. Qe2 e3+ 33. Kh2 h5 34.
Nxe3 Qe4 35. Nd5 Bxd5 36. Rxd5 Qxe2+ 1-0

[Event "4NCL/Div1/WG2-BR"]
[Site "Rd4-Birmingham"]
[Date "1999.11.21"]
[Round "4.3"]
[White "Norris, Alan"]
[Black "Sherwin, James"]
[Result "1/2-1/2"]
[WhiteElo "2337"]
[BlackElo "2358"]
[PlyCount "67"]
[EventDate "1999.11.21"]
[SourceDate "2000.01.01"]

1. e4 Nc6 2. f4 d5 3. exd5 Qxd5 4. Nc3 Qd6 5. Nf3 Bg4 6. Be2 O-O-O 7. d3 Qc5 8.
Ne4 Qb6 9. Ne5 Bxe2 10. Qxe2 Nxe5 11. fxe5 e6 12. c3 Qa6 13. d4 Qxe2+ 14. Kxe2
Be7 15. Be3 h6 16. h4 Rf8 17. g4 Bd8 18. Raf1 h5 19. g5 Ne7 20. Ng3 g6 21. Rf3
c6 22. Rhf1 Nf5 23. Nxf5 gxf5 24. c4 Bc7 25. Bf4 Rd8 26. Rd3 Rd7 27. Rfd1 Rhd8
28. c5 Rg8 29. b4 Bd8 30. Kd2 Bc7 31. Kc3 b6 32. a4 bxc5 33. dxc5 Rgd8 34. Rxd7
1/2-1/2

[Event "4NCL/Div1/WG2-BR"]
[Site "Rd4-Birmingham"]
[Date "1999.11.21"]
[Round "4.4"]
[White "Burgess, Graham"]
[Black "Law, Andrew"]
[Result "1/2-1/2"]
[WhiteElo "2300"]
[BlackElo "2304"]
[PlyCount "56"]
[EventDate "1999.11.21"]
[SourceDate "2000.01.01"]

1. d4 Nf6 2. Nf3 d5 3. c4 e6 4. Nc3 dxc4 5. e4 Bb4 6. Bg5 c5 7. Bxc4 cxd4 8.
Nxd4 Bxc3+ 9. bxc3 Qa5 10. Bb5+ Bd7 11. Bxf6 gxf6 12. Qb3 a6 13. Be2 Nc6 14.
O-O Qc7 15. Rab1 Na5 16. Qa3 Rc8 17. Rfd1 Qc5 18. Qc1 Ke7 19. c4 Rhd8 20. Nf5+
exf5 21. Rd5 Qc7 22. Qa3+ Ke8 23. Rxa5 fxe4 24. Rh5 f5 25. Rxh7 Qe5 26. Rxb7
Rb8 27. Qxa6 e3 28. fxe3 Qxe3+ 1/2-1/2

[Event "4NCL/Div1/WG2-BR"]
[Site "Rd4-Birmingham"]
[Date "1999.11.21"]
[Round "4.5"]
[White "Pert, Richard"]
[Black "Buckley, Simon"]
[Result "1/2-1/2"]
[WhiteElo "2308"]
[BlackElo "2216"]
[PlyCount "229"]
[EventDate "1999.11.21"]
[SourceDate "2000.01.01"]

1. d4 Nf6 2. Bg5 e6 3. e4 h6 4. Bxf6 Qxf6 5. c3 d5 6. Nd2 c5 7. Ngf3 Nc6 8.
dxc5 Bxc5 9. exd5 exd5 10. Nb3 Bb6 11. Be2 O-O 12. O-O d4 13. Nbxd4 Rd8 14. Qb3
Nxd4 15. Nxd4 Bxd4 16. cxd4 Rxd4 17. Rad1 Be6 18. Qxb7 Rad8 19. Rxd4 Rxd4 20.
Qxa7 Rd2 21. Bb5 Rxb2 22. a4 Ra2 23. Qc5 Qf4 24. Qb6 Qg5 25. Rd1 Kh7 26. Qd4
Bh3 27. Qd3+ Bf5 28. Qd5 Be6 29. Qxg5 hxg5 30. h3 Bb3 31. Rd4 Kg6 32. h4 gxh4
33. Rxh4 Kf6 34. Rf4+ Ke5 35. Rb4 Be6 36. Bc4 Bxc4 37. Rxc4 Kd5 38. Rb4 Kd6 39.
g3 g6 40. Kg2 Ra3 41. Rb6+ Ke7 42. Ra6 Kf8 43. Kh3 Rf3 44. Kg2 Ra3 45. Ra7 Kg7
46. a5 Kf6 47. Ra6+ Kg7 48. Ra8 Kf6 49. a6 Ke6 50. Kh3 Ra4 51. Ra7 Kf6 52. Kg2
Ra3 53. Kf1 Ra2 54. Ke1 g5 55. Ra8 g4 56. a7 Kg7 57. Kd1 Kf6 58. Kc1 Kg7 59.
Kb1 Ra6 60. Kb2 Kf6 61. Kc3 Ra3+ 62. Kd4 Ra4+ 63. Kd5 Ra5+ 64. Kc6 Ra1 65. Kd5
Ra5+ 66. Ke4 Ra4+ 67. Ke3 Ra3+ 68. Ke2 Ra2+ 69. Kf1 Ra1+ 70. Kg2 Ra2 71. Rg8
Rxa7 72. Rxg4 Ra2 73. Rb4 Kg6 74. Kf3 Kg5 75. Rb5+ Kg6 76. g4 Ra3+ 77. Kf4 f6
78. Rb6 Rc3 79. Rb8 Ra3 80. Rb7 Rc3 81. f3 Ra3 82. Re7 Rb3 83. Re3 Rb6 84. Ra3
Rc6 85. Kg3 f5 86. gxf5+ Kxf5 87. Ra5+ Kf6 88. Kg4 Rc4+ 89. f4 Rc6 90. Ra1 Rb6
91. Rh1 Kg6 92. f5+ Kg7 93. Kg5 Kf7 94. Rh7+ Kf8 95. Rd7 Ra6 96. Rb7 Rc6 97.
Rb8+ Kf7 98. Rb2 Ra6 99. Rc2 Rb6 100. Rc7+ Kf8 101. Rc8+ Kf7 102. Ra8 Rc6 103.
Ra7+ Kf8 104. Kf4 Rb6 105. Ke5 Rc6 106. Rd7 Ra6 107. Rb7 Rc6 108. Kf4 Ra6 109.
Kg5 Rc6 110. Rb8+ Kf7 111. Rb5 Ra6 112. f6 Ra1 113. Rb7+ Kf8 114. Kg6 Rg1+ 115.
Kf5 1/2-1/2

[Event "4NCL/Div1/WG2-BR"]
[Site "Rd4-Birmingham"]
[Date "1999.11.21"]
[Round "4.6"]
[White "Cobb, Charles"]
[Black "Yastrebov, Alexander"]
[Result "1-0"]
[WhiteElo "2274"]
[BlackElo "2178"]
[PlyCount "73"]
[EventDate "1999.11.21"]
[SourceDate "2000.01.01"]

1. e4 c5 2. Nc3 Nc6 3. Nf3 e5 4. Bc4 d6 5. d3 Be7 6. Nd2 Nf6 7. Nf1 O-O 8. Ne3
Kh8 9. O-O Rb8 10. a4 a6 11. Bd2 Be6 12. Ncd5 b5 13. axb5 axb5 14. Bb3 Nd4 15.
Ba2 Nxd5 16. Bxd5 Bxd5 17. Nxd5 f5 18. c3 Nc6 19. exf5 Rxf5 20. Ra6 Rc8 21. Qg4
Rf8 22. Rfa1 Qe8 23. Qe6 Bh4 24. Qxe8 Rfxe8 25. Rb6 c4 26. dxc4 bxc4 27. Raa6
Nb8 28. Ra8 Nc6 29. Raa6 Nb8 30. Ra7 Red8 31. g3 Nc6 32. Rf7 Bf6 33. Nxf6 gxf6
34. Rbb7 Ra8 35. Rxh7+ Kg8 36. Rbg7+ Kf8 37. Bh6 1-0

[Event "4NCL/Div1/WG2-BR"]
[Site "Rd4-Birmingham"]
[Date "1999.11.21"]
[Round "4.7"]
[White "Tan, Desmond"]
[Black "Ledger, David"]
[Result "1/2-1/2"]
[WhiteElo "2182"]
[BlackElo "2240"]
[PlyCount "82"]
[EventDate "1999.11.21"]
[SourceDate "2000.01.01"]

1. e4 e5 2. Nf3 Nc6 3. Bb5 Nf6 4. O-O Bc5 5. c3 O-O 6. Re1 d6 7. d3 a6 8. Ba4
Ba7 9. h3 Ne7 10. Nbd2 Ng6 11. Nf1 c6 12. Bb3 h6 13. Ng3 Re8 14. d4 Qc7 15. Bc2
Be6 16. Be3 Rad8 17. Qe2 b5 18. b3 Bc8 19. Qf1 d5 20. dxe5 Nxe5 21. Nxe5 Bxe3
22. Rxe3 Rxe5 23. Ree1 dxe4 24. Nxe4 Nxe4 25. Bxe4 Rde8 26. Bf3 c5 27. Rad1 Bf5
28. c4 b4 29. Rxe5 Qxe5 30. Ra1 Qc3 31. Qc1 a5 32. Kh2 Re7 33. Qf1 Bd3 34. Qd1
Kh7 35. Rc1 Qe5+ 36. g3 Qf5 37. Kg2 Rd7 38. Qe1 Qf6 39. Rd1 Bf5 40. Rxd7 Bxd7
41. Qe3 Bc6 1/2-1/2

[Event "4NCL/Div1/WG2-BR"]
[Site "Rd4-Birmingham"]
[Date "1999.11.21"]
[Round "4.8"]
[White "Buckley, Melanie"]
[Black "Lazhevskaya, Zhanna"]
[Result "1-0"]
[WhiteElo "2075"]
[BlackElo "2051"]
[PlyCount "93"]
[EventDate "1999.11.21"]
[SourceDate "2000.01.01"]

1. e4 c5 2. Nc3 Nc6 3. g3 g6 4. Bg2 Bg7 5. d3 e6 6. Be3 d6 7. Qd2 Rb8 8. f4
Nge7 9. Nf3 b5 10. O-O b4 11. Nd1 O-O 12. c3 Qa5 13. Rf2 Ba6 14. g4 bxc3 15.
bxc3 Qb5 16. Bf1 Qa4 17. Ng5 h6 18. Nf3 f5 19. gxf5 exf5 20. e5 dxe5 21. fxe5
Qg4+ 22. Bg2 f4 23. Bxc5 Rfd8 24. Nb2 Nf5 25. Re1 Rd5 26. Bd6 Nxd6 27. exd6
Rxd6 28. d4 Rdd8 29. Nd3 Bxd3 30. Qxd3 Re8 31. Qc4+ Kh7 32. Rxe8 Rxe8 33. Qxc6
Rb8 34. Qe4 Rc8 35. Qe1 Rb8 36. Qe4 Rb6 37. Qe1 Qf5 38. Nd2 Qg4 39. Qe2 Qf5 40.
Be4 Qg5+ 41. Rg2 Qa5 42. Qd3 Qh5 43. Nc4 Rf6 44. Ne5 Qh4 45. Qe2 f3 46. Nxg6
f2+ 47. Kf1 1-0

[Event "4NCL/Div1/SL-BR"]
[Site "Rd5-Birmingham"]
[Date "2000.01.22"]
[Round "5.1"]
[White "Kosten, Anthony"]
[Black "Ansell, Simon"]
[Result "1-0"]
[WhiteElo "2511"]
[BlackElo "2382"]
[PlyCount "93"]
[EventDate "2000.01.22"]
[SourceDate "2000.01.01"]

1. c4 e5 2. Nc3 d6 3. d4 exd4 4. Qxd4 Nf6 5. g3 Be7 6. Bg2 O-O 7. Nh3 Nc6 8.
Qd2 Ne5 9. b3 c6 10. O-O Re8 11. Nf4 Ng6 12. Nd3 d5 13. cxd5 cxd5 14. Bb2 Bf5
15. Nf4 Nxf4 16. Qxf4 Be6 17. Rfd1 Qa5 18. a3 Rad8 19. b4 Qa6 20. Rd2 Rd7 21.
Rad1 Red8 22. e3 Qb6 23. Qd4 Qxd4 24. Rxd4 a6 25. h3 Bd6 26. f4 Bb8 27. g4 Ba7
28. f5 Bxd4 29. Rxd4 Rc7 30. fxe6 fxe6 31. g5 Nd7 32. Rd1 Rdc8 33. Bxd5 Nf8 34.
Be4 Rxc3 35. Bxb7 R8c7 36. Bxc3 Rxc3 37. Ra1 Rxe3 38. Bxa6 Rxh3 39. a4 Rb3 40.
b5 Nd7 41. Bc8 Nc5 42. Rc1 Rg3+ 43. Kh2 Rxg5 44. a5 Nd3 45. Bxe6+ Kf8 46. Rb1
Nc5 47. a6 1-0

[Event "4NCL/Div1/SL-BR"]
[Site "Rd5-Birmingham"]
[Date "2000.01.22"]
[Round "5.2"]
[White "Sherwin, James"]
[Black "Ftacnik, Lubomir"]
[Result "0-1"]
[WhiteElo "2369"]
[BlackElo "2579"]
[PlyCount "88"]
[EventDate "2000.01.22"]
[SourceDate "2000.01.01"]

1. c4 Nf6 2. d4 g6 3. Nc3 d5 4. Nf3 Bg7 5. Bg5 dxc4 6. Qa4+ c6 7. Qxc4 Bf5 8.
Qb3 Qb6 9. e3 Qxb3 10. axb3 Nbd7 11. Be2 O-O 12. O-O h6 13. Bh4 g5 14. Bg3 Nh5
15. Rfc1 Nxg3 16. hxg3 Rfd8 17. Ra5 e6 18. Nh2 Bf8 19. g4 Bg6 20. Nf1 Bb4 21.
Raa1 e5 22. dxe5 Nxe5 23. Rd1 Rxd1 24. Nxd1 Bc2 25. Ng3 Bxb3 26. Nf5 Kh7 27.
Nd4 Bc4 28. Bxc4 Nxc4 29. Kf1 a5 30. Rc1 Ne5 31. f3 Rd8 32. Nf2 Bd2 33. Rc5
Bxe3 34. Rxe5 Bxd4 35. Re7 Bxf2 36. Kxf2 Rd2+ 37. Kg3 Rxb2 38. Rxf7+ Kg6 39.
Rf8 a4 40. Ra8 b5 41. Kh3 Rb3 42. Ra6 Rc3 43. g3 Rxf3 44. Rxc6+ Rf6 0-1

[Event "4NCL/Div1/SL-BR"]
[Site "Rd5-Birmingham"]
[Date "2000.01.22"]
[Round "5.4"]
[White "Ledger, David"]
[Black "Turner, Matthew"]
[Result "1/2-1/2"]
[WhiteElo "2285"]
[BlackElo "2487"]
[PlyCount "99"]
[EventDate "2000.01.22"]
[SourceDate "2000.01.01"]

1. e4 c5 2. Nc3 Nc6 3. g3 g6 4. d3 Bg7 5. Be3 d6 6. Qd2 Rb8 7. Bg2 b5 8. Nge2
b4 9. Nd1 Bg4 10. h3 Bxe2 11. Qxe2 e5 12. O-O Nge7 13. f4 exf4 14. gxf4 Nd4 15.
Qd2 f5 16. c3 bxc3 17. bxc3 Ne6 18. exf5 Nxf5 19. Bc6+ Kf8 20. Bd5 Nc7 21. Bb3
Qh4 22. Rf3 Qh5 23. Qf2 Nb5 24. Rc1 Re8 25. Bd2 Bf6 26. Ne3 Kg7 27. Nd5 Bd4 28.
Ne3 Bxe3 29. Bxe3 Re7 30. Ba4 a6 31. Bd2 Nh4 32. Re3 Rxe3 33. Bxe3 Nf5 34. Kh2
Re8 35. Bd1 Qh4 36. Qxh4 Nxh4 37. Bd2 d5 38. Kg3 Nf5+ 39. Kf2 c4 40. dxc4 Nbd6
41. cxd5 Ne4+ 42. Ke2 Nxc3+ 43. Kd3 Nxd5 44. Bf3 Rd8 45. Ke2 Nd4+ 46. Kf2 Nxf3
47. Kxf3 Rd6 48. Bc3+ Nxc3 49. Rxc3 Kf6 50. Ra3 1/2-1/2

[Event "4NCL/Div1/SL-BR"]
[Site "Rd5-Birmingham"]
[Date "2000.01.22"]
[Round "5.5"]
[White "McNab, Colin"]
[Black "Hanley, Craig"]
[Result "1/2-1/2"]
[WhiteElo "2424"]
[BlackElo "2231"]
[PlyCount "116"]
[EventDate "2000.01.22"]
[SourceDate "2000.01.01"]

1. c4 e5 2. Nc3 Nc6 3. Nf3 f5 4. d4 e4 5. Ng5 Nf6 6. h4 Bb4 7. e3 O-O 8. Bd2 f4
9. Ngxe4 Nxe4 10. Nxe4 fxe3 11. fxe3 d5 12. cxd5 Qxd5 13. Qc2 Bxd2+ 14. Nxd2
Qh5 15. Qb3+ Kh8 16. Be2 Bg4 17. Nf3 Rae8 18. O-O-O Qh6 19. Kb1 Qxe3 20. Qxe3
Rxe3 21. Rd2 Nb4 22. Rc1 c6 23. Rc3 Rfe8 24. Rxe3 Rxe3 25. Bd1 Bxf3 26. Bxf3
Re1+ 27. Rd1 Rxd1+ 28. Bxd1 g6 29. Bg4 Nd5 30. Bc8 b6 31. Bd7 Ne3 32. Bxc6 Nf5
33. d5 Kg7 34. g4 Nxh4 35. d6 Kf7 36. Kc2 Ke6 37. d7 Ke7 38. Kd3 h5 39. g5 Nf5
40. Ke4 Ng7 41. Ke5 Ne6 42. Be4 Nxg5 43. Bxg6 h4 44. Kf4 {(Draw offer)} Ne6+
45. Kg4 Kxd7 46. Kxh4 Kd6 47. Kg3 Ke5 48. Kf2 Kd4 49. Ke1 Nf4 50. Bh7 Nd3+ 51.
Bxd3 Kxd3 52. Kd1 b5 53. Kc1 a5 54. Kd1 b4 55. Kc1 a4 56. Kd1 b3 57. a3 Ke3 58.
Ke1 Kd3 1/2-1/2

[Event "4NCL/Div1/SL-BR"]
[Site "Rd5-Birmingham"]
[Date "2000.01.22"]
[Round "5.6"]
[White "Mordue, Tyson"]
[Black "Hebden, Mark"]
[Result "0-1"]
[WhiteElo "2265"]
[BlackElo "2493"]
[PlyCount "49"]
[EventDate "2000.01.22"]
[SourceDate "2000.01.01"]

1. e4 e5 2. Nf3 Nc6 3. Bb5 a6 4. Ba4 Nf6 5. O-O Be7 6. Re1 b5 7. Bb3 O-O 8. d4
d6 9. c3 Bg4 10. Be3 exd4 11. cxd4 d5 12. e5 Ne4 13. h3 Bh5 14. Nc3 Bb4 15. Rc1
Bxc3 16. bxc3 Na5 17. Bc2 f5 18. exf6 Qxf6 19. Bd3 Nc4 20. Be2 Rae8 21. Rf1
Nxe3 22. fxe3 Ng3 23. Rf2 Rxe3 24. Qd2 Qh6 25. Bd3 0-1